[Event "Synthesia Rapid Open"]
[Site "Pardubice CZE"]
[Date "2007.07.19"]
[Round "7"]
[White "Najer,E"]
[Black "Popov,Val"]
[Result "1-0"]
[WhiteElo "2623"]
[BlackElo "2577"]

1.e4 e6 2.d4 d5 3.Nc3 Nf6 4.e5 Nfd7 5.f4 c5 6.Nf3 a6 7.Be3 Qb6 8.Na4 Qa5+
9.c3 c4 10.b4 Qc7 11.Be2 Nc6 12.O-O Be7 13.Ng5 b5 14.Nc5 Nxc5 15.bxc5 Bd7
16.Qc2 h6 17.Nh3 b4 18.f5 bxc3 19.Nf4 Bg5 20.fxe6 Bxe6 21.Qxc3 Qa5 22.Qxa5 Nxa5
23.Rab1 O-O 24.Rb6 Rfb8 25.Rfb1 Nc6 26.g3 Bd8 27.Rxb8 Rxb8 28.Rxb8 Nxb8 29.h4 Nc6
30.Bf3 c3 31.Nxe6 fxe6 32.Bd1 Ne7 33.Kf1 g5 34.hxg5 Nf5 35.Bf2 Bxg5 36.Ke2 Kf7
37.Kd3 Bd2 38.Bh5+ Ke7 39.g4 Ng7 40.Bh4+ Bg5 41.Bxg5+ hxg5 42.Bg6  1-0

[Event "61st Open ch-Moscow Blitz"]
[Site "Moscow RUS"]
[Date "2007.08.26"]
[Round "?"]
[White "Nepomniachtchi,I"]
[Black "Najer,E"]
[Result "1/2-1/2"]
[WhiteElo "2613"]
[BlackElo "2623"]

1.e4 e5 2.Nf3 Nc6 3.Bc4 Bc5 4.c3 Nf6 5.d3 a6 6.h3 Ba7 7.Bb3 O-O 8.Nbd2 d6
9.Nf1 Be6 10.Ng3 h6 11.O-O Qd7 12.Nh2 Bxb3 13.axb3 Ne7 14.Qf3 Nh7 15.Ng4 Kh8
16.Nf5 Qe6 17.b4 Bb6 18.Be3 Ng5 19.Bxg5 hxg5 20.Nge3 g6 21.Nxe7 Qxe7 22.Nd5 Qe6
23.Nxb6 cxb6 24.Qe3 b5 25.Qxg5 f5 26.f4 fxe4 27.fxe5 dxe5 28.dxe4 Kg7 29.Rad1 Rxf1+
30.Rxf1 Rc8 31.h4 Rc4 32.h5 Rxe4 33.h6+ Kh7 34.Rf6 Rg4 35.Rxe6 Rxg5 36.Rb6 Kxh6
37.Rxb7 e4 38.Rd7 Kh5 39.Rd4 Re5 40.Kf2 Kg4 41.b3 Kf4 42.c4 bxc4 43.bxc4 Re6
44.c5 g5 45.g3+ Ke5 46.Ke3 Kf5 47.g4+ Kxg4 48.Rxe4+ Kf5 49.Rxe6 Kxe6 50.Kf3 Kd5
51.Kg4 a5  1/2-1/2

[Event "60th ch-RUS Higher League"]
[Site "Krasnoyarsk RUS"]
[Date "2007.09.04"]
[Round "2"]
[White "Najer,E"]
[Black "Kryakvin,D"]
[Result "1-0"]
[WhiteElo "2623"]
[BlackElo "2554"]

1.e4 c6 2.d4 d5 3.e5 c5 4.dxc5 Nc6 5.Bb5 e6 6.Be3 Ne7 7.c3 Bd7 8.Bxc6 Bxc6
9.Nf3 Nf5 10.Bd4 Nxd4 11.Qxd4 a5 12.b4 axb4 13.cxb4 b6 14.cxb6 Ra4 15.a3 Qa8
16.O-O Bxb4 17.axb4 Rxa1 18.Qc5 Bb7 19.Rc1 Qd8 20.Nd4 Qe7 21.Nb3 Qxc5 22.Nxc5 Bc8
23.b7 Bxb7 24.Nxb7 O-O 25.Nc5 Rb8 26.Nd3 f6 27.f4 fxe5 28.fxe5 Rf8 29.h4 h6
30.Rd1 Rc8 31.Kf2 Rc4 32.g3 g5 33.h5 Kf7 34.Ke2 Re4+ 35.Kd2 Rg4 36.Rg1 Rc4
37.Rc1 Ra2+ 38.Kd1 Rg2 39.Rxc4 dxc4 40.Nc5 Rb2 41.Nc3 Rxb4 42.Kc2 Rb8 43.N3e4 Rd8
44.Nd6+ Ke7 45.Kc3 Rf8 46.Kxc4 Rf1 47.Nde4 Rd1 48.Nf6 Rh1 49.Nce4 Kf7 50.Kd4 Ra1
51.Nd6+ Kg7 52.Nde4 Kf7 53.Kc5 Ra5+ 54.Kd6 Ra6+ 55.Kd7 Ra7+ 56.Kc6 Ra6+ 57.Kb5 Ra3
58.Ng4 Kg7 59.Kc6 Rd3 60.Ngf6 Kf7 61.g4 Ke7 62.Ng8+ Kf7 63.Nxh6+ Kg7 64.Nf5+ exf5
65.gxf5 g4 66.e6 Re3 67.Kd5 Rh3 68.f6+ Kg8 69.e7  1-0

[Event "60th ch-RUS Higher League"]
[Site "Krasnoyarsk RUS"]
[Date "2007.09.05"]
[Round "3"]
[White "Savchenko,B"]
[Black "Najer,E"]
[Result "1/2-1/2"]
[WhiteElo "2577"]
[BlackElo "2623"]

1.e4 e5 2.Nf3 Nc6 3.d4 exd4 4.Nxd4 Bc5 5.Nxc6 Qf6 6.Qf3 bxc6 7.Nd2 a5 8.Bd3 Qxf3
9.Nxf3 Ne7 10.c3 O-O 11.Nd4 Ba6 12.Bxa6 Rxa6 13.Bg5 f6 14.Bf4 Bxd4 15.cxd4 d6
16.O-O-O Rb6 17.Bd2 a4 18.Ba5 Rb7 19.Rhe1 Ra8 20.Bc3 Rb5 21.a3 c5 22.Kc2 Kf7
23.f4 Ra6 24.Re3 cxd4 25.Rxd4 Rc5 26.Red3 Ra8 27.Rd2 Ng6 28.g3 Nf8 29.Rd5 Nd7
30.Rxc5 Nxc5 31.e5 Ne4 32.Rd4 Nxc3 33.bxc3 fxe5 34.fxe5 dxe5 35.Rd7+ Kf6
36.Rxc7 h5 37.Kd3 Rb8 38.Ke4 Rb3 39.h4 Rxa3 40.Rc6+ Kf7 41.Kxe5 Ra1 42.Ra6 a3
43.Kf5 a2 44.Ra7+ Kf8 45.Kg6 Rg1 46.Ra8+ Ke7 47.Ra7+ Kf8 48.Ra8+  1/2-1/2

[Event "60th ch-RUS Higher League"]
[Site "Krasnoyarsk RUS"]
[Date "2007.09.10"]
[Round "7"]
[White "Grachev,B"]
[Black "Najer,E"]
[Result "1/2-1/2"]
[WhiteElo "2601"]
[BlackElo "2623"]

1.d4 d5 2.c4 c6 3.e3 Nf6 4.Nf3 Bg4 5.Nbd2 Nbd7 6.h3 Bh5 7.Be2 e6 8.O-O Bd6
9.b3 O-O 10.Bb2 a5 11.a3 Qb8 12.Qc2 Bg6 13.Bd3 Bxd3 14.Qxd3 b5 15.e4 bxc4
16.bxc4 dxe4 17.Nxe4 Nxe4 18.Qxe4 Qxb2 19.Qxc6 Bxa3 20.Qxd7 a4 21.Rfb1 Qc3
22.Ra2 Rfd8 23.Qc6 Rdc8 24.Qe4 Rab8 25.c5 h6 26.Rb7 Qc4 27.Rc2 Qa6 28.Rxb8 Rxb8
29.Ne5 Qb5 30.Nc4 Bb4 31.Nd6 Qd7 32.Qd3 Ba5 33.Qa6 Bc7 34.Rc4 Rb1+ 35.Kh2 Ra1
36.g3 a3 37.Ra4 Bxd6 38.cxd6 a2 39.Rc4 Re1 40.Qxa2 Qxd6 41.Qa8+  1/2-1/2

[Event "60th ch-RUS Higher League"]
[Site "Krasnoyarsk RUS"]
[Date "2007.09.14"]
[Round "11"]
[White "Najer,E"]
[Black "Rychagov,A"]
[Result "0-1"]
[WhiteElo "2623"]
[BlackElo "2557"]

1.e4 e6 2.d4 d5 3.Nc3 Nf6 4.e5 Nfd7 5.f4 c5 6.Nf3 Nc6 7.Be3 cxd4 8.Nxd4 Bc5
9.Qd2 O-O 10.O-O-O a6 11.h4 Nxd4 12.Bxd4 b5 13.Rh3 Bb7 14.a3 Qe7 15.h5 Bc6
16.h6 g6 17.g4 b4 18.Bxc5 Qxc5 19.axb4 Qxb4 20.Ne2 Qxd2+ 21.Kxd2 Bb5 22.Rc3 g5
23.fxg5 Nxe5 24.Nd4 Nxg4 25.Bxb5 axb5 26.Rf1 Ne5 27.b3 b4 28.Rc7 Rfc8 29.Ra1 Kf8
30.Rxa8 Rxa8 31.Rb7 Ra1 32.Rxb4 Rg1 33.Rb8+ Ke7 34.Rg8 Rg4 35.Kc3 Ng6 36.b4 e5
37.Nc6+ Kd6 38.Nd8 Rg3+ 39.Kb2 Rf3 40.b5 Kc5 41.Rg7 e4 42.Rxf7 Rxf7 43.Nxf7 Kxb5
44.Nd6+ Kc5 45.Ne8 e3 46.Kc1 d4 47.Kd1 Kc4 48.Nf6 Nf4 49.g6 Nxg6 50.Nxh7 d3
51.Ng5 e2+ 52.Kd2 e1=Q+ 53.Kxe1 dxc2 54.Kd2 Kb3  0-1

[Event "III President's Cup"]
[Site "Baku AZE"]
[Date "2008.05.13"]
[Round "2"]
[White "Karimov,E"]
[Black "Najer,E"]
[Result "0-1"]
[WhiteElo "2006"]
[BlackElo "2627"]

1.e4 c5 2.Nf3 d6 3.d4 cxd4 4.Nxd4 Nf6 5.Nc3 a6 6.Be2 e5 7.Nb3 Be7 8.O-O O-O
9.f4 b5 10.Be3 exf4 11.Rxf4 Bb7 12.Qd3 Nbd7 13.Bd4 Nc5 14.Qg3 Ne6 15.Raf1 Nxf4
16.Rxf4 Rc8 17.a3 Ne8 18.h4 Bf6 19.Kh1 Be5 20.Bxe5 dxe5 21.Rf5 f6 22.Rf1 Qe7
23.h5 Nd6 24.Bd3 f5 25.Nd2 fxe4 26.Rxf8+ Rxf8 27.Ndxe4 Nxe4 28.Nxe4 Rf4 29.Ng5 h6
30.Nh3 Qh4 31.Qxh4 Rxh4 32.Bg6  0-1

[Event "III President's Cup"]
[Site "Baku AZE"]
[Date "2008.05.15"]
[Round "4"]
[White "Nigalidze,G"]
[Black "Najer,E"]
[Result "0-1"]
[WhiteElo "2455"]
[BlackElo "2627"]

1.d4 Nf6 2.c4 e6 3.Nf3 b6 4.g3 Ba6 5.b3 b5 6.Bg2 bxc4 7.Nfd2 Nc6 8.Nxc4 d5
9.O-O Be7 10.Nb2 O-O 11.a3 Ne4 12.Be3 Bf6 13.Na4 Nd6 14.Nc5 Bc8 15.Ra2 Nf5
16.Rd2 Qe7 17.b4 a5 18.Qa4 Nfxd4 19.Rc1 Rb8 20.Bxd4 Nxd4 21.Qxa5 c6 22.e3 Nb5
23.Na6 Ra8 24.Rxc6 Qb7 25.Rb6 Rxa6 26.Rxb7 Rxa5 27.Rb6 Rxa3 28.Rxb5 Rb3 29.Rd1 Be7
30.Nd2 Rxb4 31.Rxb4 Bxb4 32.Nf3 g6 33.Rb1 Bd6 34.h4 h6 35.Nd4 Rd8 36.e4 dxe4
37.Bxe4 Bf8 38.Nf3 Ba6 39.Ra1 Rd6 40.Re1 Bg7 41.g4 f5 42.gxf5 gxf5 43.Ba8 Kf7
44.Kg2 Bf6 45.Rc1 e5 46.Rc6 Rxc6 47.Bxc6 e4 48.Nd2 Bxh4 49.Nxe4 fxe4 50.Bxe4 Bc8
51.f4 Bg4 52.Bf3 h5 53.Be4 Kf6 54.Kh2 Be1 55.Kg2 h4 56.Bd5 Bg3 57.Bf3 Bf5
58.Bd5 Bg4 59.Bf3 Be6 60.Be4 Bxf4  0-1

[Event "19th Czech Open Synthesia Rapid"]
[Site "Pardubice CZE"]
[Date "2008.07.17"]
[Round "5"]
[White "Najer,E"]
[Black "Maslak,K"]
[Result "1-0"]
[WhiteElo "2670"]
[BlackElo "2521"]

1.e4 e6 2.d4 d5 3.Nc3 Nf6 4.e5 Nfd7 5.f4 c5 6.Nf3 Nc6 7.Be3 Be7 8.Qd2 O-O
9.dxc5 Nxc5 10.O-O-O a6 11.f5 Ne4 12.Nxe4 dxe4 13.f6 gxf6 14.Qe1 Qa5 15.Qxa5 Nxa5
16.exf6 Bxf6 17.Nd2 Be7 18.Bb6 e3 19.Nf3 Nc6 20.Bc4 Bd8 21.Bxe3 b5 22.Be2 Bc7
23.g3 Bb7 24.Rd7 Rac8 25.Bf4 e5 26.Bh6 Rfd8 27.Rhd1 Nd4 28.Rxd8+ Rxd8 29.Nxd4 Rxd4
30.Rf1 Be4 31.Be3 Rd6 32.g4 Rc6 33.c3 Bb6 34.Bxb6 Rxb6 35.h4 Rd6 36.Rd1 Rxd1+
37.Kxd1 f5 38.gxf5 Bxf5 39.c4 Bd7 40.b4 Kf7 41.Kd2 Kf6 42.Ke3 bxc4 43.Bxc4 Bb5
44.Bb3 Kf5 45.Bc2+ Kg4 46.Bxh7 Kxh4 47.Ke4 Kg3 48.Kxe5 Kf3 49.Kd4 Bc6 50.Bd3 Bb7
51.a4 Bc8 52.a5 Kf2 53.Bc4 Ke1 54.Kc5 Kd2 55.Bxa6 Bxa6 56.b5 Bc8 57.a6 Kc3
58.a7 Bb7 59.Kb6 Ba8 60.Kc7 Kb4 61.b6 Kc5 62.b7 Bxb7 63.Kxb7 Kd6 64.a8=Q Kd5
65.Kb6+ Kd4 66.Qf3 Kc4 67.Qe4+ Kb3 68.Kc5 Kc3 69.Qe3+ Kc2 70.Kc4 Kb2 71.Qe2+ Ka3
72.Qf2  1-0

[Event "19th Czech Open Synthesia Rapid"]
[Site "Pardubice CZE"]
[Date "2008.07.17"]
[Round "6"]
[White "Sumaneev,D"]
[Black "Najer,E"]
[Result "0-1"]
[WhiteElo "2465"]
[BlackElo "2670"]

1.e4 c5 2.c3 e6 3.Nf3 d5 4.exd5 Qxd5 5.d4 Nf6 6.Be2 Be7 7.O-O O-O 8.Ne5 Qd8
9.Bf3 Nbd7 10.Qe2 cxd4 11.cxd4 Nd5 12.Rd1 N7b6 13.Nc3 Bd7 14.Be3 Rc8 15.Rac1 Be8
16.Nxd5 Nxd5 17.Rxc8 Qxc8 18.Bxd5 exd5 19.Rc1 Qe6 20.Qc2 Bd6 21.Qb3 b6 22.Bf4 g5
23.Bg3 f5 24.f4 Bxe5 25.dxe5 h6 26.Qe3 d4 27.Qxd4 Qxa2 28.Qc4+ Qxc4 29.Rxc4 Bb5
30.Rc7 Rd8 31.Be1 Rd1 32.Kf2 Rb1 33.Rc2 gxf4 34.e6 a5 35.Rc8+ Kg7 36.e7 Kf7
37.Rf8+ Kxe7 38.Rxf5 Rxb2+ 39.Kf3 Bc6+ 40.Kxf4 Rxg2 41.Bh4+ Kd7 42.Rf7+ Kc8
43.Bg3 Rc2 44.Ke5 Bd7 45.Kd5 Rc5+ 46.Kd6 Rc6+ 47.Kd5 Rc2 48.Kd6 Rd2+ 49.Ke5 h5
50.Rh7 Bg4 51.h3 Bd1 52.Bf4 Rd7 53.Rh8+ Kb7 54.Ke6 Rd3 55.Kf5 Rxh3 56.Be5 Bg4+
57.Kf6 Rd3 58.Rb8+ Ka7 59.Rh8 Rd7 60.Re8 Ka6 61.Kg5 Kb5 62.Kf4 Ka4 63.Ra8 b5
64.Ke3 b4 65.Bd4 Rb7 66.Kd2 Rd7 67.Ke3 Rb7 68.Kd2 Kb5 69.Rg8 Kc4 70.Be3 Rd7+
71.Kc2 Re7 72.Bd2 Re2 73.Rg7 Bf5+ 74.Kd1 Rh2 75.Bf4 Ra2 76.Rc7+ Kb3 77.Ke1 a4
78.Bd6 Rc2 79.Rb7 Rc4 80.Ke2 a3 81.Ke3 a2 82.Ra7 Re4+ 83.Kf3 Kb2 84.Bf8 b3
85.Bg7+ Kb1 86.Bh8 Rc4 87.Bg7 Bg4+ 88.Kg3 b2 89.Kh4 a1=Q 90.Rxa1+ bxa1=Q
91.Kg5 Rc5+ 92.Kh4  0-1

[Event "15th Ordix Open"]
[Site "Mainz GER"]
[Date "2008.08.02"]
[Round "3"]
[White "Klundt,K"]
[Black "Najer,E"]
[Result "0-1"]
[WhiteElo "2361"]
[BlackElo "2670"]

1.e4 c5 2.Nf3 d6 3.d4 cxd4 4.Nxd4 Nf6 5.Nc3 a6 6.f4 e5 7.Nf3 Nbd7 8.Bd3 Be7
9.O-O O-O 10.Kh1 b5 11.a3 Bb7 12.Qe2 Re8 13.fxe5 dxe5 14.Nh4 g6 15.Nf3 Nh5
16.Bh6 Nf4 17.Qf2 f6 18.Bxf4 exf4 19.Nd5 Bxd5 20.exd5 Bc5 21.Qh4 Be3 22.Rad1 Nc5
23.Qg4 Ra7 24.b4 Nxd3 25.Rxd3 Qc8 26.Qxc8 Rxc8 27.Nd4 Bxd4 28.Rxd4 g5 29.h4 Rxc2
30.Re1 Kf7 31.hxg5 fxg5 32.Re6 Re7 33.Rxa6 Re1+ 34.Kh2 f3 35.Rd1  0-1

[Event "61st ch-RUS HL"]
[Site "Novokuznetsk RUS"]
[Date "2008.09.12"]
[Round "9"]
[White "Najer,E"]
[Black "Lysyj,I"]
[Result "1-0"]
[WhiteElo "2670"]
[BlackElo "2596"]

1.e4 e6 2.d4 d5 3.Nc3 Nf6 4.e5 Nfd7 5.f4 c5 6.Nf3 Nc6 7.Be3 Be7 8.Qd2 O-O
9.dxc5 Bxc5 10.Bxc5 Nxc5 11.O-O-O Qa5 12.h4 Bd7 13.Rh3 Rab8 14.h5 h6 15.Qe3 Na4
16.Nxa4 Qxa4 17.Kb1 Rfc8 18.Rd2 b5 19.g4 Nb4 20.Qb3 Qxb3 21.axb3 f6 22.exf6 gxf6
23.Rg2 Kf7 24.c3 Nc6 25.g5 Rg8 26.g6+ Kg7 27.Rd2 Rgd8 28.Rhh2 e5 29.Bh3 b4
30.Bxd7 Rxd7 31.Nh4 Ne7 32.fxe5 fxe5 33.Rhf2 bxc3 34.Rf7+ Kg8 35.bxc3 Rxb3+
36.Ka2 Rb6 37.Nf5 Ra6+ 38.Kb1 Rb7+ 39.Kc2 Ra2+ 40.Kd3 e4+ 41.Ke2 Nxf5 42.Rxb7 Ng3+
43.Ke1 Ra1+ 44.Rd1 Rxd1+ 45.Kxd1 Nxh5 46.Kd2 a5 47.Ke3 a4 48.Ra7 a3 49.Rxa3 Kg7
50.Ra6 Ng3 51.Ra5 Kxg6 52.Rxd5 h5 53.c4 h4 54.c5 h3 55.Rd1 Kf5 56.c6 Ke5
57.c7 Nf5+ 58.Ke2 Ne7 59.Rd7 Nc8 60.Rd8 h2 61.Rxc8 h1=Q 62.Re8+ Kd6 63.c8=Q Qf3+
64.Ke1 Qe3+ 65.Kf1 Qf3+ 66.Kg1 Qg3+ 67.Kh1 Qh4+ 68.Kg2 Qg5+ 69.Kh3 Qh5+ 70.Kg3 Qg6+
71.Kf4 Qf7+ 72.Kxe4 Qg6+ 73.Kf3 Qh5+ 74.Ke3 Qg5+ 75.Kf2 Qf6+ 76.Kg3 Qg6+
77.Kf4 Qf7+ 78.Ke3 Qa7+ 79.Ke4 Qd4+ 80.Kf5 Qe5+ 81.Kg6 Qg3+ 82.Kh5 Qh2+ 83.Kg5 Qd2+
84.Kg6 Qg2+ 85.Kh5 Qh2+ 86.Kg4 Qg2+ 87.Kf4 Qf2+ 88.Ke4 Qd4+ 89.Kf3 Qf6+ 90.Kg2 Qg6+
91.Kf1 Qf6+ 92.Ke2 Qb2+ 93.Kd1 Qd4+ 94.Kc1 Qa1+ 95.Kc2 Qa4+ 96.Kc3 Qa5+ 97.Kc4 Qa4+
98.Kc3 Qa5+ 99.Kd3 Qd5+ 100.Ke2 Qb5+ 101.Kf2 Qb2+ 102.Re2 Qf6+ 103.Kg3  1-0

[Event "61st ch-RUS HL"]
[Site "Novokuznetsk RUS"]
[Date "2008.09.14"]
[Round "11"]
[White "Najer,E"]
[Black "Maslak,K"]
[Result "1/2-1/2"]
[WhiteElo "2670"]
[BlackElo "2521"]

1.e4 e6 2.d4 d5 3.Nc3 Nf6 4.e5 Nfd7 5.f4 c5 6.Nf3 Nc6 7.Be3 Be7 8.Qd2 O-O
9.Be2 a6 10.O-O b5 11.a3 Qb6 12.Rad1 Bb7 13.Kh1 cxd4 14.Nxd4 Bc5 15.Rf3 Bxd4
16.Bxd4 Nxd4 17.Qxd4 Qxd4 18.Rxd4 f6 19.exf6 gxf6 20.a4 bxa4 21.Rxa4 Rfc8
22.Kg1 Nc5 23.Rd4 f5 24.Kf2 a5 25.Rg3+ Kh8 26.Ke1 a4 27.Bd1 a3 28.bxa3 Rxa3
29.Ne4 Rxg3 30.Nxg3 Kg7 31.Rb4 Kf6 32.Ne2 Bc6 33.Nd4 Bd7 34.Rb6 Na4 35.Rb7 Nc5
36.Ra7 Ke7 37.Nf3 Rb8 38.Ne5 Rb7 39.Rxb7 Nxb7 40.Kd2 Na5 41.c3 Bb5 42.Ke3 Nc6
43.Nf3 h6 44.Nd4 Nxd4 45.cxd4 Bf1 46.Kf2 Bb5 47.Ke1 Kd6 48.Bh5 Ke7 49.Kf2 Kf6
50.Kg3 Bf1 51.Bf3 Bd3 52.Kh3 Be4 53.Be2 Kg6 54.Bf1 Bc2 55.Kh4 Ba4 56.Be2 Kf6
57.Ba6 Be8 58.Be2 Ke7 59.h3 Bg6 60.Bh5 Bh7 61.Kg3 Kf6 62.Kh4 Ke7 63.Bd1 Bg6
64.Ba4 Bf7 65.Bc2 Be8 66.Bd3 Bf7 67.Be2 Bg6 68.Bd1 Kf8 69.Bh5 Bh7 70.g4 fxg4
71.hxg4 Ke7 72.Kg3 Kd6 73.Be8 Ke7 74.Bb5 Kd6 75.Be2 Bg6 76.Bf1 Bh7 77.Bh3 Bg8
78.Bf1 Bh7 79.Bg2 Bg6 80.Kh4 Ke7 81.Bh3 Bf7 82.Bf1 Bg6 83.Bb5 Kd6 84.g5 hxg5+
85.Kxg5 Bf5 86.Kf6 Bh3 87.Be2 Bf5 88.Bb5 Bh3 89.Be2 Bf5  1/2-1/2

[Event "Zvenigorodskaya Open A"]
[Site "Zvenigorod RUS"]
[Date "2008.09.25"]
[Round "1"]
[White "Najer,E"]
[Black "Yandemirov,V"]
[Result "1/2-1/2"]
[WhiteElo "2670"]
[BlackElo "2463"]

1.e4 e5 2.Nf3 Nc6 3.Bb5 a6 4.Ba4 d6 5.O-O Bg4 6.h3 h5 7.Bxc6+ bxc6 8.d4 Bxf3
9.Qxf3 exd4 10.c3 Qf6 11.Qd3 g5 12.cxd4 g4 13.Nc3 gxh3 14.Qxh3 Qxd4 15.Ne2 Qc4
16.b3 Qxe2 17.Qc3 O-O-O 18.Qxh8 Be7 19.Qh7 Bf6 20.Rb1 Qg4 21.Qxf7 Rd7 22.Qc4 Rg7
23.g3 h4 24.e5 Qh3 25.Qxa6+ Kd7 26.e6+ Qxe6 27.Bf4 hxg3 28.Bxg3 Qh3 29.Rbc1 Rxg3+
30.fxg3 Qxg3+ 31.Kh1 Qh3+ 32.Kg1 Qg3+ 33.Kh1 Qh3+ 34.Kg1 Bd4+ 35.Rf2 Qg3+
36.Kh1 Qh3+ 37.Rh2 Qf3+ 38.Rg2 Qh3+ 39.Rh2  1/2-1/2

[Event "Zvenigorodskaya Open A"]
[Site "Zvenigorod RUS"]
[Date "2008.09.26"]
[Round "2"]
[White "Kuporosov,V"]
[Black "Najer,E"]
[Result "0-1"]
[WhiteElo "2448"]
[BlackElo "2670"]

1.e4 c5 2.Nf3 d6 3.Bc4 Nf6 4.d3 Nc6 5.c3 g6 6.Bb3 Bg7 7.O-O O-O 8.Re1 b5
9.Nbd2 a5 10.h3 a4 11.Bc2 Nd7 12.a3 e5 13.Nf1 Bb7 14.Ne3 Nb6 15.Bd2 f5 16.b4 cxb4
17.axb4 Kh8 18.Nd5 fxe4 19.Bg5 exf3 20.Bxd8 Nxd5 21.Bg5 Nxc3 22.Qd2 Nd4 23.g3 Rac8
24.Bd1 Nxd1 25.Qxd1 Nc2 26.Be7 Rfe8 27.Bxd6 e4 28.Rc1 Nxe1 29.Qxe1 Rxc1 30.Qxc1 exd3
31.Bf4 Bd5 32.Be3 Bc4 33.h4 Rxe3 34.fxe3 d2 35.Qxd2 a3  0-1

[Event "Zvenigorodskaya Open A"]
[Site "Zvenigorod RUS"]
[Date "2008.09.26"]
[Round "3"]
[White "Najer,E"]
[Black "Vysochin,S"]
[Result "1-0"]
[WhiteElo "2670"]
[BlackElo "2514"]

1.e4 e6 2.d4 d5 3.Nc3 Nf6 4.e5 Nfd7 5.f4 c5 6.Nf3 Nc6 7.Be3 Be7 8.Qd2 O-O
9.dxc5 Bxc5 10.Bxc5 Nxc5 11.O-O-O Qa5 12.h4 Bd7 13.h5 Rfd8 14.h6 Be8 15.f5 Ne4
16.Qf4 Nb4 17.Bc4 dxc4 18.Nxe4 Nxa2+ 19.Kb1 Rxd1+ 20.Rxd1 Ba4 21.fxe6 Bxc2+
22.Kxc2 Nb4+ 23.Kb1 Qa2+ 24.Kc1 Qa1+ 25.Kd2 c3+ 26.Ke2 Qa6+ 27.Kf2 fxe6 28.Nf6+  1-0

[Event "Zvenigorodskaya Open A"]
[Site "Zvenigorod RUS"]
[Date "2008.09.27"]
[Round "4"]
[White "Najer,E"]
[Black "Buhmann,R"]
[Result "1-0"]
[WhiteElo "2670"]
[BlackElo "2561"]

1.e4 e6 2.d4 d5 3.Nc3 Nf6 4.e5 Nfd7 5.f4 c5 6.Nf3 Nc6 7.Be3 cxd4 8.Nxd4 Bc5
9.Qd2 O-O 10.O-O-O Nxd4 11.Bxd4 a6 12.Bxc5 Nxc5 13.f5 exf5 14.Qe3 Ne4 15.Nxd5 Qa5
16.Bc4 Be6 17.g4 Rac8 18.Ne7+ Kh8 19.Nxc8 Bxc4 20.gxf5 Qxa2 21.Qxe4 Rxc8
22.Qxb7 Qa1+ 23.Kd2 Qa5+ 24.b4 Rd8+ 25.Kc3 Qa3+ 26.Kxc4 Qa2+ 27.Kc5 Qxc2+
28.Kb6 Qf2+ 29.Kc7 Re8 30.Rd8  1-0

[Event "Zvenigorodskaya Open A"]
[Site "Zvenigorod RUS"]
[Date "2008.09.27"]
[Round "5"]
[White "Khismatullin,D"]
[Black "Najer,E"]
[Result "1/2-1/2"]
[WhiteElo "2613"]
[BlackElo "2670"]

1.d4 d5 2.c4 c6 3.Nf3 Nf6 4.e3 Bg4 5.h3 Bh5 6.Nc3 e6 7.g4 Bg6 8.Ne5 Nbd7
9.h4 dxc4 10.Nxg6 hxg6 11.g5 Nd5 12.Bxc4  1/2-1/2

[Event "Zvenigorodskaya Open A"]
[Site "Zvenigorod RUS"]
[Date "2008.09.28"]
[Round "6"]
[White "Najer,E"]
[Black "Belov,Vl"]
[Result "1-0"]
[WhiteElo "2670"]
[BlackElo "2561"]

1.e4 c5 2.Nf3 d6 3.d4 cxd4 4.Nxd4 Nf6 5.Nc3 g6 6.Be2 Bg7 7.O-O O-O 8.Bg5 Nc6
9.Nb3 Be6 10.f4 Qc8 11.Kh1 Bg4 12.Nd5 Bxe2 13.Qxe2 Re8 14.c3 Nd7 15.Rad1 e6
16.Ne3 Qc7 17.Qf2 Bf8 18.e5 d5 19.c4 dxc4 20.Nxc4 Nb4 21.Ne3 Nb6 22.Rc1 Nc6
23.Nc5 h6 24.Bf6 h5 25.Ne4 Qd7 26.Qe2 Nb4 27.g4 Rec8 28.Rcd1 Qc6 29.Qf3 hxg4
30.Nxg4 Bg7 31.Rd6  1-0

[Event "Zvenigorodskaya Open A"]
[Site "Zvenigorod RUS"]
[Date "2008.09.29"]
[Round "7"]
[White "Amonatov,F"]
[Black "Najer,E"]
[Result "1/2-1/2"]
[WhiteElo "2650"]
[BlackElo "2670"]

1.e4 e6 2.d4 d5 3.Nc3 Nf6 4.Bg5 dxe4 5.Nxe4 Nbd7 6.Nf3 h6 7.Nxf6+ Nxf6 8.Bh4 c5
9.Bd3 cxd4 10.Nxd4 Be7 11.O-O O-O 12.c3 Qb6 13.Qe2 Bd7 14.Rad1 Rfd8 15.Bb1 Ba4
16.Rd3 Rd5 17.Re3 Bb5 18.Nxb5 Rxb5 19.b3 Rd5 20.Rd3  1/2-1/2

[Event "TCh-AUT 1st Bundesliga 2008-9"]
[Site "Ansfelden AUT"]
[Date "2009.03.21"]
[Round "10"]
[White "Najer,E"]
[Black "Braun,A"]
[Result "1/2-1/2"]
[WhiteElo "2669"]
[BlackElo "2558"]

1.d4 d5 2.c4 c6 3.Nc3 dxc4 4.Nf3 Nf6 5.a4 e6 6.e3 c5 7.Bxc4 Nc6 8.O-O Be7
9.Ne5 cxd4 10.Nxc6 bxc6 11.exd4 O-O 12.a5 Rb8 13.a6 Qc7 14.Qe2 Rd8 15.Rd1 h6
16.h3 Nd5 17.Ne4 Rb4 18.b3 f5 19.Nc5 Nc3 20.Qf3 Nxd1 21.Bf4 Bd6 22.Bxd6 Qxd6
23.Rxd1 Kh8 24.Rd3 Re8 25.Qe3 Rb8 26.h4 Qc7 27.Qe5 Re7 28.h5 Rb6 29.Rg3 Kh7
30.Kf1 Rb4 31.Kg1 Qb8 32.Re3 Qc7 33.Rd3 Qb8 34.Rf3 Qc7 35.Rh3 Qd8 36.Rg3 Qc7
37.Rf3 Qd8 38.Kf1 Qe8 39.Rh3 Qf7 40.Kg1 Qe8 41.Kf1 Qf7 42.f4 Qe8 43.Qd6 Rb6
44.Re3 Kh8 45.Kg1 Qf7 46.Nxe6 Bxe6 47.Bxe6 Rxe6 48.Rxe6 Kh7 49.Rg6 Rxa6 50.Kh2 Rb6
51.b4 Rb7 52.Qxc6 Rxb4 53.Qc5 Rc4 54.Qe5 a5 55.Qxa5 Rxd4 56.Qe5  1/2-1/2

[Event "TCh-AUT 1st Bundesliga 2008-9"]
[Site "Ansfelden AUT"]
[Date "2009.03.22"]
[Round "11"]
[White "Antoniewski,R"]
[Black "Najer,E"]
[Result "1/2-1/2"]
[WhiteElo "2513"]
[BlackElo "2669"]

1.e4 c5 2.Nf3 d6 3.d4 cxd4 4.Nxd4 Nf6 5.Nc3 a6 6.Be3 e5 7.Nf3 Be7 8.Bc4 O-O
9.O-O Nc6 10.Qe2 Na5 11.Bb3 Nxb3 12.axb3 h6 13.Nd2 Rb8 14.Ba7 Ra8 15.Be3 Ng4
16.Nc4 b5 17.Na5 Be6 18.Nd5 Bxd5 19.exd5 f5 20.Nc6 Qd7 21.c4 Nxe3 22.fxe3 Bg5
23.e4 fxe4 24.Qxe4 Qb7 25.h4 Qb6+ 26.Kh1 Bf6 27.cxb5 Qxb5 28.Rf3 Rf7 29.Raf1 Raf8
30.Kh2 Qb7 31.b4 Qd7 32.g3 Qb7 33.Qg6 Qb5 34.Qe4  1/2-1/2

[Event "2nd Open"]
[Site "Paleohora GRE"]
[Date "2009.07.23"]
[Round "4"]
[White "Antic,De"]
[Black "Najer,E"]
[Result "1/2-1/2"]
[WhiteElo "2523"]
[BlackElo "2663"]

1.d4 Nf6 2.c4 e6 3.Nf3 b6 4.g3 Ba6 5.b3 b5 6.cxb5 Bxb5 7.Ba3 Bxa3 8.Nxa3 Ba6
9.Bg2 d5 10.O-O O-O 11.Ne5 c5 12.dxc5 Qa5 13.Nc2 Qxc5 14.Nd4 Qc7 15.f4 Nbd7
16.Rc1 Qa5 17.Nec6 Qb6 18.a4 Rfe8 19.Qd2 Rac8 20.a5 Qb7 21.Qb4 Qxb4 22.Nxb4 Nb8
23.h3 Kf8 24.Kf2 Ke7 25.Nxa6 Nxa6 26.Nc6+ Kd7 27.Nxa7 Rc5 28.Rxc5 Nxc5 29.b4 Ra8
30.Nb5 Na6 31.Rb1 Rb8 32.Nc3 Nxb4 33.Ke3 Ne8 34.Kd2 Nd6 35.e4 Nc4+ 36.Ke2 dxe4
37.Bxe4 Nxa5 38.Na2 Nbc6 39.Rxb8 Nxb8 40.Bxh7 g6 41.h4 Nbc6 42.g4 Ke7 43.h5 gxh5
44.gxh5 f5 45.Bg6 Kf8 46.Nc3 Ne7 47.Nb5 Nd5 48.Nd4 Nxf4+ 49.Kf3 Nxg6 50.hxg6 Kg7  1/2-1/2

[Event "2nd Open"]
[Site "Paleohora GRE"]
[Date "2009.07.24"]
[Round "5"]
[White "Najer,E"]
[Black "Moradiabadi,E"]
[Result "1-0"]
[WhiteElo "2663"]
[BlackElo "2542"]

1.e4 e5 2.Nf3 Nc6 3.Bb5 Nf6 4.d3 d6 5.O-O g6 6.Re1 Bg7 7.d4 Bd7 8.d5 Ne7
9.Bxd7+ Nxd7 10.Be3 h6 11.Nfd2 f5 12.f3 h5 13.c4 h4 14.Nc3 h3 15.g4 Bh6 16.Bxh6 Rxh6
17.Kh1 fxg4 18.f4 Rh4 19.Rg1 c6 20.Rb1 Qb6 21.Qe1 Rh5 22.b4 cxd5 23.exd5 exf4
24.c5 dxc5 25.Nc4 Qf6 26.Ne4 Qh4 27.Ned6+ Kf8 28.Qe6 Rh7 29.Qxd7 g3 30.hxg3 fxg3
31.Rbf1+ Nf5 32.Rxf5+ gxf5 33.Qxf5+ Kg8 34.Qe6+ Kh8 35.Qe5+ Rg7 36.Nf5  1-0

[Event "2nd Open"]
[Site "Paleohora GRE"]
[Date "2009.07.27"]
[Round "8"]
[White "Najer,E"]
[Black "Turov,M"]
[Result "1/2-1/2"]
[WhiteElo "2663"]
[BlackElo "2561"]

1.Nf3 Nf6 2.c4 e6 3.Nc3 d5 4.d4 dxc4 5.e4 Bb4 6.Bg5 c5 7.e5 cxd4 8.Qa4+ Nc6
9.O-O-O Bd7 10.Ne4 Be7 11.exf6 gxf6 12.Bh4 Rc8 13.Bxf6 Bxf6 14.Nd6+ Kf8 15.Nxc8 Qxc8
16.Qxc4 Kg7 17.Kb1 e5 18.Bd3 Be6 19.Qa4 a6 20.Rc1 Bd5 21.Nd2 Bg5 22.Rc5 Qe6
23.Be4 Bxd2 24.Bxd5 Qd6 25.Rxc6 bxc6 26.Qxc6 Qxc6  1/2-1/2

[Event "2nd Open"]
[Site "Paleohora GRE"]
[Date "2009.07.28"]
[Round "9"]
[White "Parligras,M"]
[Black "Najer,E"]
[Result "0-1"]
[WhiteElo "2557"]
[BlackElo "2663"]

1.e4 c5 2.Nf3 d6 3.d4 cxd4 4.Nxd4 Nf6 5.Nc3 a6 6.Be3 e5 7.Nb3 Be7 8.Be2 Be6
9.Nd5 Nxd5 10.exd5 Bf5 11.O-O O-O 12.Qd2 a5 13.f4 a4 14.Nc1 exf4 15.Rxf4 Bg6
16.Rb4 a3 17.bxa3 Bf6 18.Rab1 Nd7 19.Bd3 Re8 20.Bxg6 hxg6 21.Nd3 Rxa3 22.Rxb7 Qc8
23.R7b3 Bc3 24.Qf2 Rxa2 25.h3 Nf6 26.Rf1 Ra4 27.Kh1 Rae4 28.Bc5 Re2 29.Qf3 dxc5
30.Rxc3 R8e3 31.Qf4 g5 32.Qxg5 Rxh3+ 33.Kg1 Rh5 34.Qg3 Nxd5 35.Rxc5 Qe6 36.c4 Qh6
37.Nf2 Nf4 38.Rxh5 Nxh5 39.Qb8+ Kh7 40.Qb1+ g6 41.Qb7 Qf4 42.Nh3 Qe3+ 43.Kh2 Kh6
44.Qf3 Qe5+ 45.Kg1 f5 46.Qa8 Ng3 47.Qf8+ Kh5 48.Qd8 Qe3+ 49.Nf2 Rxf2 50.Rxf2 Qe1+
51.Kh2 Qxf2 52.c5 Nf1+ 53.Kh1 Ng3+ 54.Kh2 Ne2  0-1

[Event "ch-RUS HL"]
[Site "Ulan Ude RUS"]
[Date "2009.09.03"]
[Round "2"]
[White "Najer,E"]
[Black "Lysyj,I"]
[Result "1-0"]
[WhiteElo "2681"]
[BlackElo "2612"]

1.e4 e6 2.d4 d5 3.Nc3 dxe4 4.Nxe4 Nd7 5.Nf3 Ngf6 6.Bd3 c5 7.O-O Nxe4 8.Bxe4 Nf6
9.Bg5 cxd4 10.Nxd4 Be7 11.Bf3 O-O 12.Qd3 Qc7 13.Rfd1 Rd8 14.c4 a6 15.Qc2 Bd7
16.g3 Rac8 17.Rac1 Qb8 18.Qe2 e5 19.Nc2 Be6 20.Ne3 Rxd1+ 21.Rxd1 b5 22.Bxf6 Bxf6
23.Bd5 Rd8 24.cxb5 axb5 25.Bxe6 fxe6 26.Rxd8+ Bxd8 27.Qd3 Qb6 28.Ng4 Bc7
29.Qd7 Kf8 30.a3 e4 31.Kg2 h5 32.Ne3 Be5 33.a4 bxa4 34.Nc4 Qd4 35.Qxe6 Bc7
36.Qc6 Qd3 37.Ne3 Be5 38.Qxa4 Bd4 39.Qa8+ Kf7 40.Qd5+ Kg6 41.Qf5+ Kh6 42.g4 g6
43.Qf4+ Kg7 44.gxh5 gxh5 45.Nf5+ Kg6 46.Nh4+ Kg7 47.b4 Bc3 48.b5 Bf6 49.b6 Qb5
50.Nf5+ Kg6 51.Qh6+  1-0

[Event "ch-RUS HL"]
[Site "Ulan Ude RUS"]
[Date "2009.09.06"]
[Round "5"]
[White "Vorobiov,E"]
[Black "Najer,E"]
[Result "1/2-1/2"]
[WhiteElo "2606"]
[BlackElo "2681"]

1.e4 c5 2.Nf3 d6 3.d4 Nf6 4.Nc3 cxd4 5.Nxd4 a6 6.Bg5 e6 7.f4 Qb6 8.Qd2 Qxb2
9.Rb1 Qa3 10.f5 Nc6 11.fxe6 fxe6 12.Nxc6 bxc6 13.Be2 Be7 14.O-O O-O 15.Rb3 Qc5+
16.Be3 Qe5 17.Bd4 Qa5 18.Bb6 Qe5 19.Bd4 Qa5 20.Bb6 Qe5  1/2-1/2